000 00529nam a2200205Ia 4500
003 OSt
005 20230619161413.0
008 210423s1993 xx 000 0 und d
040 _cAL
041 _aeng
082 _a150
_223
_bMORI
100 _aMORGAN (Clifford T);others
_9114947
245 _aIntroduction to psychology
260 _aNew Delhi
_bTata McGrawhill
_c1993
365 _b315
_cINR
650 _aPhilosophy
_9114948
650 _aPsychology
_9114949
906 _aIntroduction ; psychology
942 _2ddc
_cBK
999 _c173400
_d173400